000 00408nam a2200181Ia 4500
001 18057
005 20260306171602.0
008 260306s9999||||xx |||||||||||||| ||und||
041 _aESP
082 _a658.4
_bH28 2003
100 _aHay, Edward J.
_eAUT
245 0 _aJusto a tiempo
260 _c2003
300 _a255 páginas :
_ccm.
650 _aGEN
654 _aCAN
942 _cLIB
_dJUS
_fJUS
_2ddc
_n
999 _c18057
_d18057